000 00943nam a2200349 a 4500
001 00320145
003 OSt
005 20140310181805.0
008 920330s1988 ne ab b 00100 eng
020 _a0705409724
035 _aCUW000237200
049 _aul
050 _aD 57
_b.So69 1991
082 0 0 _aREF 909
_bSo1 1991
090 _aD57.S69
245 0 2 _aA soaring spirit :
_b600-400 BC /
_cby the editors of Time-Life Books.
260 0 _aAmsterdam :
_bTime-Life Books,
_cc1991.
300 _a176 p. :
_bcol. ill., col. maps ;
_c28 cm.
440 0 _aTime-Life history of the world.
500 _aIncludes bibliographical references.
504 _aBibliography: p. 170-171.
562 _e3
650 0 _aHistory, Ancient.
710 2 _aTime-Life Books.
910 _aCKC:GS:920330
942 _2lcc
_cBK
949 _aul
_b000320145
_tmono
999 _c3781
_d3781